Towards freedom : (Record no. 37997)

MARC details
000 -LEADER
fixed length control field 00946nam a22002417a 4500
005 - DATE AND TIME OF LATEST TRANSACTION
control field 20100727163120.0
010 ## - LCCN (DPL NO)
LC control number ENG-96913
020 ## - INTERNATIONAL STANDARD BOOK NUMBER
International Standard Book Number 9788125031871
Terms of availability 235.00
020 ## - INTERNATIONAL STANDARD BOOK NUMBER
International Standard Book Number 8125031871
Terms of availability 235.00
035 ## - SYSTEM CONTROL NUMBER
System control number EN-80446
037 ## - SOURCE OF ACQUISITION
Source of stock number/acquisition DBAD/PUB
082 ## - DEWEY DECIMAL CLASSIFICATION NUMBER
Classification number 863.4
245 ## - TITLE STATEMENT
Title Towards freedom :
Remainder of title critical essays on Rabindranath Tagore's ghare baire/the home and the world /
Statement of responsibility, etc edited by Saswati Sengupta, Shampa Roy [and] Sharmila purkayastha
260 ## - PUBLICATION, DISTRIBUTION, ETC. (IMPRINT)
Place of publication, distribution, etc New Delhi
Name of publisher, distributor, etc Orient Longman
Date of publication, distribution, etc 2007
270 ## - ADDRESS
Address 1/24 Asaf Ali Road,
City New Delhi
Postal code 110002
300 ## - PHYSICAL DESCRIPTION
Extent xii, 207p.
Dimensions 22cm, (pbk)
500 ## - GENERAL NOTE
General note includes bibliography and index
700 ## - ADDED ENTRY--PERSONAL NAME
Personal name Sengupta, Saswati
9 (RLIN) 1952
700 ## - ADDED ENTRY--PERSONAL NAME
Personal name Roy, Shampa
9 (RLIN) 1953
700 ## - ADDED ENTRY--PERSONAL NAME
Personal name Purkayastha, Sharmila
9 (RLIN) 1954
942 ## - ADDED ENTRY ELEMENTS (KOHA)
Source of classification or shelving scheme Dewey Decimal Classification
Item type English Books
Classification part 863.4
Call number suffix TOW
Holdings
Withdrawn status Lost status Not for loan Collection code Home library Current library Date acquired Source of acquisition Cost, normal purchase price Full call number Barcode Copy number Cost, replacement price Koha item type
    Not For Loan Non-fiction D.B.Act.Division D.B.Act.Division 27/07/2010 DBAD/PUB 235.00 863.4 TOW EN-80446 1 235.00 English Books

© Delhi Public Library
Hit Counter
free hit counter